| 000 | 00553nam a2200205 i 4500 | ||
|---|---|---|---|
| 001 | 127566 | ||
| 003 | ES-MaACL | ||
| 005 | 20230906193034.0 | ||
| 007 | t| | ||
| 008 | 070214s1907 fr r ||||1| fre d | ||
| 100 | 1 |
_aRitter, William. _997489 |
|
| 245 | 1 | 0 |
_aSmetana / _cpar William Ritter. |
| 260 |
_aParis : _bF. Alcan, _c1907. |
||
| 300 |
_a241 p. ; _c21 cm. |
||
| 490 | 1 | _aLes maitres de la musique | |
| 600 | 0 | 4 |
_aSmetana, Bedrich. _9106825 |
| 830 | 0 |
_aLes maitres de la musique _9181366 |
|
| 852 |
_aES-MaACL _jF-2820 |
||
| 999 |
_c127566 _d127566 |
||